000 00800nam a2200169 i 4500
001 103723
003 ES-MaACL
005 20230906183431.0
007 t|
008 051117s1913 sp ||||1| spa d
100 1 _aMerino Alvarez, Abelardo.
_980534
245 1 0 _aGeografía económica
_b: estudio geográfico, industrial, mercantil y administrativo-militar de todas las regiones del globo excepto Berbería y la Península Ibérica /
_cpor Abelardo Merino Alvarez.
260 _aMadrid :
_b[s.n.],
_c1913 (
_fImp. del Cuerpo de Intendencia Militar)
300 _a2 v. ;
_c23 cm.
505 8 _aContiene: I.- Europa. Africa -- II.- Asia. América del Norte. América del Sur. Los restos del continente austral. Las pequeñas islas del Pacifico. Las tierras polares
852 _aES-MaACL
_jB-1211-12
999 _c103723
_d103723